Дело о доставлении Министерству внутренних дел сведений о количестве и распределении выпускаемых медицинскими учебными заведения...

RUSMARC
00004348cbc2a2200000#x 450
001355f22d8-9d38-437f-b87e-9ede123917a6
00520201013112531.0
100##$a20150825l18521852k l0rusy0189 ca
1010#$arus
102##$aRU
2001#$aДело о доставлении Министерству внутренних дел сведений о количестве и распределении выпускаемых медицинскими учебными заведениями врачей, в связи с ходатайством главнокомандующего отдельным Кавказским корпусом о назначении на Кавказ врачей для борьбы с появившейся холерой
$j30 ноября 1852 г.
251##$cДело
300##$aРукописный текст. Чернила
300##$aОригинальный заголовок дела: Дело о назначении на службу в Кавказский край медиков по случаю появления холеры. 30 ноября 1852 г.
801#0$aRU
$bРГИА
$c20150825
801#1$aRU
$bГлавНИВЦ
$c20150825
$2rusmarc
801#2$aRU
$bПБ им. Б.Н. Ельцина
$c20151215
$gRCR
$2rusmarc
850##$aФедеральное казенное учреждение "Российский государственный исторический архив" (РГИА)
852##$aРГИА
$j560
937##$hРГИА
$d12087637
$aASBIBLIO_SCAN
462#0$100110dcdccd-ec79-4ee8-a204-b9d031b41c04
$12001
$aМедицинские дела Департамента народного просвещения
$vД. 560
$1251
$cОпись
$1852
$j99
461#0$1001a74412a3-3cc5-4d21-8f0a-dfe2fbd9e72d
$12001
$aДепартамент народного просвещения Министерства народного просвещения
$1251
$cФонд
$1852
$j733
215##$a7 листов
$d36,5х26 см
371##$aДокумент не является опубликованным и широко распространяемым
105##$ay###
1220#$ad18521130##
5171#$aДело о назначении на службу в Кавказский край медиков по случаю появления холеры
$e30 ноября 1852 г.
035##$a355f22d8-9d38-437f-b87e-9ede123917a6
605##$2acquisition_Prlib
$3LIBNET\UAF\0000089563
$aПредупреждение и борьба с эпидемиями в России
$lколлекция
Формат отображения